Plant tissue culture: theory and practice by S S Bhojwani and M K Razdan (Record no. 1209170)
[ view plain ]
| 000 -LEADER | |
|---|---|
| fixed length control field | 01124nam a2200325Ia 4500 |
| 003 - CONTROL NUMBER IDENTIFIER | |
| control field | OSt |
| 005 - DATE AND TIME OF LATEST TRANSACTION | |
| control field | 20221007121658.0 |
| 008 - FIXED-LENGTH DATA ELEMENTS--GENERAL INFORMATION | |
| fixed length control field | 221006b |||||||| |||| 00| 0 eng d |
| 020 ## - INTERNATIONAL STANDARD BOOK NUMBER | |
| International Standard Book Number | 0444816232 (hbd) |
| -- | 309.50 |
| 037 ## - SOURCE OF ACQUISITION | |
| Terms of availability | Textual |
| 040 ## - CATALOGING SOURCE | |
| Original cataloging agency | BDL |
| Transcribing agency | BDL |
| Language of cataloging | eng |
| 041 ## - LANGUAGE CODE | |
| Source of code | eng |
| Language code of text/sound track or separate title | eng |
| 100 ## - MAIN ENTRY--PERSONAL NAME | |
| Personal name | Bhojwani S S |
| 9 (RLIN) | 420026 |
| 245 #0 - TITLE STATEMENT | |
| Title | Plant tissue culture: theory and practice by S S Bhojwani and M K Razdan |
| Remainder of title | Razdan M K |
| 250 ## - EDITION STATEMENT | |
| Edition statement | Rev ed |
| 260 ## - PUBLICATION, DISTRIBUTION, ETC. | |
| Place of publication, distribution, etc. | Amsterdam |
| Name of publisher, distributor, etc. | Elsevier |
| Date of publication, distribution, etc. | 1996 |
| 300 ## - PHYSICAL DESCRIPTION | |
| Extent | vii,767p |
| Dimensions | cm. |
| 490 ## - SERIES STATEMENT | |
| Series statement | Studies in plant science; 5 |
| 500 ## - GENERAL NOTE | |
| General note | Bibliographical references 603-747p; Indexes 749-767p; ^n23/CSL/Carb/96-97/4208^d1997-03-07^mPurchase; ; 96-97/552^b1997-03-26^c244/96-97^d1997-03-17^eApple Books; ; 1997-04-02^bSB^c1997-04-02 |
| 650 ## - SUBJECT ADDED ENTRY--TOPICAL TERM | |
| Topical term or geographic name entry element | Culture |
| 650 ## - SUBJECT ADDED ENTRY--TOPICAL TERM | |
| Topical term or geographic name entry element | Tissue |
| 9 (RLIN) | 712631 |
| 650 ## - SUBJECT ADDED ENTRY--TOPICAL TERM | |
| Topical term or geographic name entry element | Botany |
| 700 ## - ADDED ENTRY--PERSONAL NAME | |
| Personal name | Razdan M K |
| 9 (RLIN) | 420027 |
| 942 ## - ADDED ENTRY ELEMENTS (KOHA) | |
| Classification part | I,12:11, M3;N6 |
| Koha item type | Textual |
| Source of classification or shelving scheme | Colon Classification (CC) |
| Withdrawn status | Lost status | Source of classification or shelving scheme | Damaged status | Not for loan | Home library | Current library | Date acquired | Source of acquisition | Total Checkouts | Full call number | Barcode | Date last seen | Price effective from | Koha item type |
|---|---|---|---|---|---|---|---|---|---|---|---|---|---|---|
| Colon Classification (CC) | Department of Botany Library | Department of Botany Library | 2022-10-07 | Apple, | I,12:11 M3;N6 | BD0004521 | 2022-10-07 | 2022-10-07 | Textual |
